LIBRARY & INFORMATION CENTRE, KCAET, TAVANUR

ONLINE PUBLIC ACCESS CATALOGUE (OPAC)

Advanced mathematics for engineers and scientists, Vol 1 / (Record no. 9144)

MARC details
000 -LEADER
fixed length control field 00542cam a2200205ua 4500
041 ## - LANGUAGE CODE
Language code of text/sound track or separate title eng
082 ## - DEWEY DECIMAL CLASSIFICATION NUMBER
Classification number 510.062
Item number SHA/AD
100 ## - MAIN ENTRY--AUTHOR NAME
Personal name Sharma, G S .
245 ## - TITLE STATEMENT
Title Advanced mathematics for engineers and scientists, Vol 1 /
250 ## - EDITION STATEMENT
Edition statement 1 /
260 ## - PUBLICATION, DISTRIBUTION, ETC. (IMPRINT)
Place of publication New Delhi :
Name of publisher C B S Publishers & Distributers ,
Year of publication 1984.
300 ## - PHYSICAL DESCRIPTION
Number of Pages 613 ; .
700 1# - ADDED ENTRY--PERSONAL NAME
Personal name Ahuja, K L .
700 1# - ADDED ENTRY--PERSONAL NAME
Personal name Sarna, I J S .
942 ## - ADDED ENTRY ELEMENTS (KOHA)
Koha item type Books
Holdings
Withdrawn status Lost status Damaged status Home library Current library Date acquired Full call number Accession Number Koha item type
      KAUAET KAUAET 07/04/2012 510.062 15940 Books
free website counter